[Event "Politiken Cup"]
[Site "Copenhagen"]
[Date "2006.07.26"]
[Round "5.54"]
[White "Sjol, Henrik"]
[Black "Henrichsen, Jens"]
[Result "1/2-1/2"]
[WhiteElo "1966"]
[BlackElo "2106"]
[PlyCount "29"]
[EventDate "2006.??.??"]

1. d4 Nf6 2. Nf3 e6 3. c4 b6 4. g3 Ba6 5. b3 Bb4+ 6. Bd2 Be7 7. Bg2 c6 8. Bc3
d5 9. Nbd2 Nbd7 10. O-O O-O 11. Re1 Rc8 12. Bb2 c5 13. Rc1 Rc7 14. Ne5 Bb7 15.
Ndf3 1/2-1/2

[Event "Politiken Cup"]
[Site "Copenhagen"]
[Date "2006.07.26"]
[Round "5.55"]
[White "Christensen, Janus"]
[Black "Helin, Mikael"]
[Result "1-0"]
[WhiteElo "2100"]
[BlackElo "1964"]
[PlyCount "85"]
[EventDate "2006.??.??"]

1. e4 g6 2. d4 d6 3. Bc4 a6 4. Qf3 e6 5. Nh3 h6 6. Nc3 Bg7 7. Be3 Ne7 8. O-O-O
b6 9. Nf4 O-O 10. Qg3 c6 11. Bd3 c5 12. Nfe2 Qc7 13. dxc5 bxc5 14. Bc4 Rd8 15.
Bf4 e5 16. Be3 Nbc6 17. Nd5 Qa5 18. Bd2 Qa4 19. Nb6 Qxc4 20. Nxc4 Be6 21. Na5
Nd4 22. Nxd4 cxd4 23. f4 Kh7 24. h4 f5 25. fxe5 dxe5 26. Bb4 Rd7 27. Bxe7 f4
28. Qa3 Rc8 29. Bb4 h5 30. Nb3 Bg4 31. Rd3 Bh6 32. Nd2 Be2 33. Rb3 f3 34. gxf3
Rdc7 35. c3 Bxf3 36. Re1 d3 37. Qxa6 Rc4 38. Qb7+ R8c7 39. Qd5 Be2 40. Bd6 Ra4
41. Bxc7 Rxa2 42. Qf7+ Bg7 43. Bxe5 1-0

[Event "Politiken Cup"]
[Site "Copenhagen"]
[Date "2006.07.26"]
[Round "5.56"]
[White "Nielsen, Frode B"]
[Black "Tjensvoll, Tore"]
[Result "0-1"]
[WhiteElo "2098"]
[BlackElo "1961"]
[PlyCount "66"]
[EventDate "2006.??.??"]

1. e4 c5 2. Nf3 d6 3. d4 cxd4 4. Nxd4 Nf6 5. Nc3 a6 6. Be3 e5 7. Nf3 Be6 8. Ng5
Be7 9. Nxe6 fxe6 10. Bc4 Qc8 11. Bb3 b5 12. a3 Nc6 13. g4 h6 14. h4 Na5 15. Ba2
Nc4 16. Bxc4 Qxc4 17. f3 d5 18. exd5 exd5 19. g5 hxg5 20. Bxg5 Rc8 21. Rh2 d4
22. Bxf6 dxc3 23. Bxe7 cxb2 24. Rb1 Kxe7 25. Qd2 Qc3 26. Re2 Rxh4 27. Qxc3 Rxc3
28. Rxb2 Kf6 29. Rb3 Rhc4 30. Rd2 Rxc2 31. Rd6+ Kf5 32. Rxa6 Rh4 33. Kd1 Ra2
0-1

[Event "Politiken Cup"]
[Site "Copenhagen"]
[Date "2006.07.26"]
[Round "5.57"]
[White "Nielsen, Thomas"]
[Black "Hansen, Rene Rauer"]
[Result "1-0"]
[WhiteElo "1956"]
[BlackElo "2096"]
[PlyCount "103"]
[EventDate "2006.??.??"]

1. d4 Nf6 2. c4 g6 3. Nc3 Bg7 4. e4 d6 5. f3 O-O 6. Nge2 c6 7. Be3 a6 8. Ng3 b5
9. Bd3 e5 10. d5 bxc4 11. Bxc4 c5 12. Bg5 h6 13. Be3 Kh7 14. Qd2 Nbd7 15. O-O
Rb8 16. Rac1 Qa5 17. Rc2 Nb6 18. Be2 Bd7 19. a3 Bb5 20. b4 cxb4 21. axb4 Qxb4
22. Rb1 Qa5 23. Bxb5 axb5 24. Rxb5 Qa1+ 25. Rb1 Qa7 26. Qf2 Nfd7 27. Nb5 Qa6
28. Rc6 Qa5 29. Nxd6 Nxd5 30. Rxb8 Nxb8 31. Rc5 Qa1+ 32. Rc1 Qa3 33. exd5 Qxd6
34. Bc5 Qxd5 35. Bxf8 Bxf8 36. Ne4 Kg7 37. g3 Nc6 38. Qb6 Nd4 39. Qf6+ Kg8 40.
Kg2 Qa2+ 41. Kh3 Qe2 42. Qxe5 Bg7 43. Qe8+ Kh7 44. Qxf7 h5 45. Ng5+ Kh6 46. Qf4
Qb2 47. Ne6+ Kh7 48. Ng5+ Kh6 49. Ne4+ Kh7 50. Rc7 Ne6 51. Nf6+ Kh8 52. Qh6+
1-0

[Event "Politiken Cup"]
[Site "Copenhagen"]
[Date "2006.07.26"]
[Round "5.58"]
[White "Rutherford, Elaine"]
[Black "Frank-Nielsen, Marie"]
[Result "1/2-1/2"]
[WhiteElo "2093"]
[BlackElo "1955"]
[PlyCount "120"]
[EventDate "2006.??.??"]

1. e4 c5 2. Nc3 g6 3. f4 Bg7 4. Nf3 Nc6 5. Bb5 a6 6. Bxc6 bxc6 7. O-O d6 8. d3
Nh6 9. Qe1 O-O 10. f5 Ng4 11. Qh4 h5 12. h3 Bf6 13. Qg3 Ne5 14. Bh6 Re8 15.
Nxe5 Bxe5 16. Bf4 Bxf4 17. Rxf4 Kg7 18. Raf1 e5 19. R4f3 Ra7 20. fxg6 fxg6 21.
Qf2 Be6 22. Ne2 Ree7 23. Rf8 Re8 24. Rf3 Ree7 25. Qh4 Re8 26. Rf6 Rf7 27. Rxf7+
Bxf7 28. Qe1 Be6 29. b3 Re7 30. Qc3 Rf7 31. Rxf7+ Bxf7 32. a3 Qb6 33. Kf1 Be6
34. Ng1 Qc7 35. Nf3 Qd8 36. Qd2 Bd7 37. Ke2 Be6 38. Qc3 Qc7 39. Ng5 Bg8 40. Qd2
Qd8 41. Ke1 Qf6 42. Nf3 Qd8 43. Qg5 Qxg5 44. Nxg5 Kf6 45. h4 Be6 46. Nxe6 Kxe6
47. Kd2 Kd7 48. Kc3 Kc7 49. Kc4 Kb6 50. c3 Kc7 51. b4 cxb4 52. axb4 Kd7 53. g3
Kc7 54. d4 Kb6 55. Kb3 Kb5 56. c4+ Kb6 57. Kc3 a5 58. bxa5+ Kxa5 59. dxe5 dxe5
60. Kb3 c5 1/2-1/2

[Event "Politiken Cup"]
[Site "Copenhagen"]
[Date "2006.07.26"]
[Round "5.59"]
[White "Martin, Katie"]
[Black "Olsson, Tomas"]
[Result "1/2-1/2"]
[WhiteElo "1939"]
[BlackElo "2084"]
[PlyCount "36"]
[EventDate "2006.??.??"]

1. e4 e5 2. Nc3 Nf6 3. Nf3 Nc6 4. d4 exd4 5. Nxd4 Bb4 6. Nxc6 bxc6 7. Bd3 d5 8.
exd5 cxd5 9. O-O O-O 10. Bg5 c6 11. Qf3 h6 12. Bxf6 Qxf6 13. Qxf6 gxf6 14. Ne2
Be6 15. Nd4 c5 16. Nf5 Bxf5 17. Bxf5 Rab8 18. Rfd1 Rfd8 1/2-1/2

[Event "Politiken Cup"]
[Site "Copenhagen"]
[Date "2006.07.26"]
[Round "5.60"]
[White "Lauritsen, Martin Lee"]
[Black "Saemundsson, Bjarni"]
[Result "0-1"]
[WhiteElo "2080"]
[BlackElo "1945"]
[PlyCount "146"]
[EventDate "2006.??.??"]

1. e4 c5 2. Nf3 a6 3. c3 e6 4. d4 d5 5. e5 Nc6 6. Bd3 cxd4 7. cxd4 Bb4+ 8. Nc3
Nge7 9. a3 Bxc3+ 10. bxc3 b5 11. O-O h6 12. Nd2 Ng6 13. Nb3 O-O 14. Nc5 Qe7 15.
f4 f5 16. g4 Qh4 17. gxf5 exf5 18. Ra2 Rf7 19. Rg2 Nf8 20. Qf3 Qd8 21. Bb1 Ne6
22. Ba2 Ne7 23. Nd3 Bb7 24. a4 Rc8 25. Bb2 Qa5 26. Nb4 bxa4 27. Nc2 Qc7 28. Ne3
a3 29. Ba1 Qd7 30. Bb1 Nc5 31. dxc5 d4 32. Qe2 dxe3 33. Ba2 Bxg2 34. Qxg2 Qd2
35. Qxd2 exd2 36. Rd1 Rd8 37. Kf2 Kf8 38. Be6 Nc6 39. c4 Rb7 40. Bd5 Rc7 41.
Rxd2 Nb4 42. Ke3 Rxc5 43. Be6 Rxd2 44. Kxd2 g6 45. Bd4 Rc6 46. Kc3 a5 47. Bd7
Rc7 48. Bb5 Nd5+ 49. Kb3 Nxf4 50. Kxa3 Ne6 51. Bb6 Rc8 52. Bxa5 Ke7 53. Kb4 Nd4
54. Bb6 Nxb5 55. cxb5 Ke6 56. Bd4 Kd5 57. Be3 Kxe5 58. Bxh6 f4 59. b6 Ke4 60.
Bg5 f3 61. Bh4 Ke3 62. Bg3 f2 63. b7 Re8 64. b8=Q Rxb8+ 65. Bxb8 f1=Q 66. Bg3
Kd4 67. Kb3 Qd3+ 68. Kb2 Qc3+ 69. Kb1 Kc4 70. Ka2 g5 71. Bc7 Qb3+ 72. Ka1 Qc2
73. h4 Kb3 0-1

[Event "Politiken Cup"]
[Site "Copenhagen"]
[Date "2006.07.26"]
[Round "5.61"]
[White "Hyldkrog, Lars"]
[Black "Robertson, David"]
[Result "0-1"]
[WhiteElo "2074"]
[BlackElo "1927"]
[PlyCount "92"]
[EventDate "2006.??.??"]

1. e4 c5 2. Nf3 d6 3. d4 cxd4 4. Nxd4 Nf6 5. Nc3 g6 6. Be3 Bg7 7. f3 O-O 8. Qd2
Nc6 9. O-O-O d5 10. exd5 Nxd5 11. Nxc6 bxc6 12. Bd4 e5 13. Bc5 Be6 14. Ne4 Re8
15. h4 Nf4 16. g3 Qxd2+ 17. Rxd2 Nh5 18. g4 Nf6 19. Nd6 Red8 20. a3 Bf8 21. Ba6
Rab8 22. Rhd1 Bd5 23. Nb7 Bxc5 24. Nxc5 Re8 25. c4 Bxf3 26. Rf1 e4 27. g5 e3
28. Rd4 e2 29. Re1 Nh5 30. Kd2 Rxb2+ 31. Kc3 Rbb8 32. Nd3 Rb6 33. Nc5 Re3+ 34.
Rd3 Rxd3+ 35. Kxd3 Nf4+ 36. Ke3 Ng2+ 37. Kxf3 Nxe1+ 38. Kxe2 Nc2 39. a4 Nd4+
40. Kf2 Ne6 41. Nxe6 fxe6 42. Bc8 Kf7 43. a5 Rb4 44. Kg3 Ra4 45. a6 Rxc4 46.
Bb7 Ke7 0-1

[Event "Politiken Cup"]
[Site "Copenhagen"]
[Date "2006.07.26"]
[Round "5.62"]
[White "Sykes, Chris"]
[Black "Rhee, Alexander"]
[Result "1-0"]
[WhiteElo "1922"]
[BlackElo "2072"]
[PlyCount "75"]
[EventDate "2006.??.??"]

1. d4 c5 2. Nf3 cxd4 3. Bf4 d6 4. c3 dxc3 5. Nxc3 e5 6. Bg5 Be7 7. Bxe7 Nxe7 8.
e4 a6 9. Bc4 O-O 10. O-O Bg4 11. h3 Bxf3 12. Qxf3 Nbc6 13. Qg3 Ng6 14. Nd5 b5
15. Bb3 Nd4 16. Qd3 Ne6 17. g3 Qg5 18. Kh2 Qh6 19. Qe3 Ng5 20. h4 Nxh4 21. gxh4
Qxh4+ 22. Kg2 Nxe4 23. Rh1 Qg4+ 24. Kf1 Kh8 25. Bd1 Ng3+ 26. fxg3 Qc4+ 27. Kg2
Rae8 28. Bb3 Qg4 29. Rh4 Qf5 30. Rah1 a5 31. Qg5 Qd3 32. Rxh7+ Qxh7 33. Rxh7+
Kxh7 34. Bc2+ e4 35. Bxe4+ f5 36. Bxf5+ Kg8 37. Qh5 Re2+ 38. Qxe2 1-0

[Event "Politiken Cup"]
[Site "Copenhagen"]
[Date "2006.07.26"]
[Round "5.63"]
[White "Jensen, Søren Holm"]
[Black "Werner, Gert"]
[Result "1/2-1/2"]
[WhiteElo "1902"]
[BlackElo "2069"]
[PlyCount "60"]
[EventDate "2006.??.??"]

1. e4 g6 2. d4 Bg7 3. Nc3 c6 4. Nf3 d5 5. h3 Nf6 6. Bd3 dxe4 7. Nxe4 Nxe4 8.
Bxe4 O-O 9. c3 Nd7 10. O-O e5 11. Nxe5 Nxe5 12. dxe5 Qxd1 13. Rxd1 Bxe5 14. Bh6
Bg7 15. Bxg7 Kxg7 16. Rd4 Be6 17. b3 Rfd8 18. Rad1 Rxd4 19. Rxd4 a5 20. Ra4 Ra6
21. Bd3 b5 22. Rd4 Ra7 23. Be4 c5 24. Rd6 a4 25. bxa4 Rxa4 26. Bd5 Bxd5 27.
Rxd5 Rxa2 28. Rxc5 Ra1+ 29. Kh2 Rc1 30. Rxb5 Rxc3 1/2-1/2

[Event "Politiken Cup"]
[Site "Copenhagen"]
[Date "2006.07.26"]
[Round "5.64"]
[White "Almer, Julia"]
[Black "Rosenkilde, Alexander"]
[Result "1/2-1/2"]
[WhiteElo "1900"]
[BlackElo "2054"]
[PlyCount "139"]
[EventDate "2006.??.??"]

1. e4 c5 2. Nf3 Nc6 3. Bb5 e6 4. O-O Nge7 5. c3 d5 6. exd5 Qxd5 7. d4 cxd4 8.
Nxd4 Bd7 9. Be2 Nxd4 10. cxd4 Nf5 11. Be3 Nh4 12. f3 Nf5 13. Bf2 Bc6 14. Nc3
Qd7 15. Ne4 Rd8 16. Nc5 Qd5 17. Nb3 Bd6 18. Kh1 O-O 19. Bd3 Bc7 20. Qd2 a5 21.
Be4 Qd6 22. Bg1 a4 23. Bxf5 exf5 24. Nc1 Rfe8 25. Ne2 Re6 26. f4 Rde8 27. Nc3
b5 28. a3 Bb6 29. Rad1 Rh6 30. Rfe1 Rd8 31. Re5 b4 32. Nb5 Bxb5 33. Rxb5 bxa3
34. bxa3 Bc7 35. Rb4 Qxf4 36. Qxf4 Bxf4 37. Rxa4 Rhd6 38. Rc4 Bg5 39. a4 Bf6
40. Bf2 Ra8 41. d5 Bd8 42. Rc6 Rd7 43. Bb6 Bxb6 44. Rxb6 Kf8 45. Rd4 Ke8 46.
Kg1 Rda7 47. Rbb4 Kd7 48. Kf2 Kd6 49. Kf3 Ra5 50. Kf4 Rxd5 51. Rxd5+ Kxd5 52.
Kxf5 Ra6 53. Rb5+ Kd4 54. Rb7 Rf6+ 55. Kg4 Rg6+ 56. Kf3 Rf6+ 57. Kg3 Rf5 58.
Kg4 g6 59. h4 h5+ 60. Kg3 f6 61. Rb8 Ra5 62. Rb6 Ke5 63. Rb4 Rc5 64. Rb3 Kd6
65. Rb6+ Ke5 66. Rb3 Rc4 67. a5 Ra4 68. Rb5+ Ke4 69. Rb6 Rxa5 70. Rxf6 1/2-1/2

[Event "Politiken Cup"]
[Site "Copenhagen"]
[Date "2006.07.26"]
[Round "5.65"]
[White "Bering, Anders"]
[Black "Sonderby, Anders"]
[Result "0-1"]
[WhiteElo "2046"]
[BlackElo "1926"]
[PlyCount "68"]
[EventDate "2006.??.??"]

1. f4 d5 2. Nf3 Nf6 3. b3 g6 4. Bb2 Bg7 5. e3 O-O 6. Bd3 c5 7. O-O Nc6 8. Qe1
Nb4 9. a3 Nxd3 10. cxd3 Bf5 11. Ne5 Qb6 12. b4 a5 13. e4 cxb4+ 14. Kh1 dxe4 15.
dxe4 Bxe4 16. d3 Bf5 17. Nd2 Rfd8 18. Ndc4 Qc5 19. d4 Qb5 20. axb4 axb4 21. Rf3
Be6 22. Nd2 Rdc8 23. Rxa8 Rxa8 24. Nb3 b6 25. h3 Bd5 26. Re3 Ra2 27. Qb1 Bh6
28. Rd3 Ne4 29. Qxa2 Nf2+ 30. Kg1 Nxd3 31. Qa7 Nxb2 32. Qb8+ Kg7 33. Nc5 Qe2
34. Nf3 bxc5 0-1

[Event "Politiken Cup"]
[Site "Copenhagen"]
[Date "2006.07.26"]
[Round "5.66"]
[White "Christensen, Svend Ib"]
[Black "Wurtz, Jacob"]
[Result "0-1"]
[WhiteElo "1636"]
[BlackElo "2001"]
[PlyCount "104"]
[EventDate "2006.??.??"]

1. d4 d5 2. Nf3 c6 3. Bf4 Nf6 4. e3 Bg4 5. Be2 e6 6. Nbd2 Nbd7 7. h3 Bh5 8. Ne5
Bxe2 9. Qxe2 Qb6 10. Nb3 a5 11. c3 a4 12. Nc1 Be7 13. O-O c5 14. Nxd7 Nxd7 15.
a3 O-O 16. Nd3 Qb5 17. Rfe1 b6 18. Ne5 Qxe2 19. Rxe2 Nxe5 20. Bxe5 Ra5 21. Rc1
Rc8 22. Rcc2 f6 23. Bg3 Kf7 24. f4 f5 25. Be1 h6 26. g3 g5 27. Rh2 Raa8 28.
Rcg2 Bd6 29. Kh1 Ra7 30. Kg1 Rac7 31. Rd2 cxd4 32. Rxd4 Bc5 33. Rd3 Kf6 34. Kf1
Rg8 35. Rdd2 gxf4 36. exf4 h5 37. Bf2 Bxf2 38. Rhxf2 Rc4 39. Rd4 Rxd4 40. cxd4
Rc8 41. h4 Rc4 42. Rd2 Rc1+ 43. Ke2 Rg1 44. Kf2 Rh1 45. Ke2 Ke7 46. Ke3 Re1+
47. Kf2 Re4 48. Rd3 Kd7 49. b4 Kc6 50. Rc3+ Kb5 51. Re3 Rxe3 52. Kxe3 Kc4 0-1

[Event "Politiken Cup"]
[Site "Copenhagen"]
[Date "2006.07.26"]
[Round "5.67"]
[White "Thingstad, Even"]
[Black "Haugstad, Espen"]
[Result "1-0"]
[WhiteElo "1861"]
[BlackElo "2046"]
[PlyCount "79"]
[EventDate "2006.??.??"]

1. c4 Nf6 2. Nc3 d5 3. cxd5 Nxd5 4. g3 Nxc3 5. bxc3 g6 6. Bg2 Bg7 7. Rb1 c6 8.
Nf3 O-O 9. O-O Qc7 10. e4 Rd8 11. d4 c5 12. Bb2 Bg4 13. Qa4 a6 14. d5 b5 15.
Qc2 Nd7 16. Nd2 Nb6 17. c4 Be2 18. Rfe1 Bxc4 19. Bxg7 Kxg7 20. a4 Qd7 21. a5
Nc8 22. Nxc4 bxc4 23. Qxc4 Qc7 24. Qc3+ Kg8 25. Rec1 c4 26. Qb4 Nd6 27. e5 Rab8
28. exd6 exd6 29. Qc3 Rb5 30. Rxb5 axb5 31. Qb4 Qc5 32. Qxc5 dxc5 33. a6 Ra8
34. Ra1 Ra7 35. d6 Kf8 36. Bc6 b4 37. d7 Ke7 38. Re1+ Kd8 39. Re8+ Kc7 40. Rc8+
1-0

[Event "Politiken Cup"]
[Site "Copenhagen"]
[Date "2006.07.26"]
[Round "5.68"]
[White "Traerup, Jorgen"]
[Black "Danielsson, Robert"]
[Result "0-1"]
[WhiteElo "1855"]
[BlackElo "2037"]
[PlyCount "112"]
[EventDate "2006.??.??"]

1. e4 c5 2. Nf3 g6 3. Bc4 Bg7 4. O-O Nc6 5. c3 e6 6. Na3 Nge7 7. Nc2 d5 8. exd5
exd5 9. Be2 d4 10. cxd4 cxd4 11. d3 O-O 12. Bg5 Qd6 13. Bxe7 Qxe7 14. Qd2 h6
15. Rfe1 g5 16. Kh1 Bf5 17. a3 Qd6 18. b4 Rfd8 19. Rac1 a6 20. Na1 Qf6 21. Rf1
g4 22. Ne1 h5 23. Qd1 Bh6 24. Rc5 Bf4 25. g3 Bd6 26. Rc2 Be6 27. Ng2 Ne7 28. f3
Qg5 29. Qd2 Qxd2 30. Rxd2 Rac8 31. fxg4 hxg4 32. Nf4 Bxf4 33. gxf4 Rc3 34. Nc2
f5 35. Ra1 Bb3 36. Ne1 Ng6 37. Ng2 Bd5 38. Kg1 Bxg2 39. Kxg2 Nxf4+ 40. Kf2 Re8
41. Raa2 Re3 42. Rdc2 Rxc2 43. Rxc2 Rxe2+ 44. Rxe2 Nxe2 45. Kxe2 Kf7 46. Kf2
Kf6 47. a4 b6 48. a5 bxa5 49. bxa5 Kg5 50. Kg3 f4+ 51. Kg2 Kh4 52. Kf2 Kh3 53.
Kg1 g3 54. hxg3 Kxg3 55. Kf1 Kf3 56. Ke1 Kg2 0-1

[Event "Politiken Cup"]
[Site "Copenhagen"]
[Date "2006.07.26"]
[Round "5.69"]
[White "Ertbjerg, Andreas Lund"]
[Black "Christensen, Verner"]
[Result "1-0"]
[WhiteElo "2034"]
[BlackElo "1846"]
[PlyCount "81"]
[EventDate "2006.??.??"]

1. e4 e5 2. f4 d5 3. exd5 e4 4. d3 Nf6 5. dxe4 Nxe4 6. Be3 Be7 7. Nf3 O-O 8.
Nbd2 Nf6 9. c4 Re8 10. Be2 Bd6 11. Ne5 Nbd7 12. Ndf3 Nxe5 13. fxe5 Bxe5 14.
Nxe5 Rxe5 15. Bd4 Rf5 16. Bd3 Qe7+ 17. Qe2 Qxe2+ 18. Kxe2 Rg5 19. Bxf6 Bg4+ 20.
Ke3 gxf6 21. Rae1 Bd7 22. g3 Re5+ 23. Kd4 Rae8 24. Rxe5 fxe5+ 25. Kc3 Bg4 26.
Re1 f5 27. c5 e4 28. Be2 Bxe2 29. Rxe2 Kg7 30. Kd4 Kf6 31. g4 fxg4 32. Rxe4
Rxe4+ 33. Kxe4 h5 34. Kf4 h4 35. Kxg4 Ke5 36. Kxh4 Kxd5 37. Kg5 Kxc5 38. h4 Kd6
39. Kf6 Kd7 40. h5 Ke8 41. Kg7 1-0

[Event "Politiken Cup"]
[Site "Copenhagen"]
[Date "2006.07.26"]
[Round "5.70"]
[White "Lie, Terje"]
[Black "Valla, Martin"]
[Result "0-1"]
[WhiteElo "1842"]
[BlackElo "2034"]
[PlyCount "52"]
[EventDate "2006.??.??"]

1. d4 d5 2. c4 dxc4 3. e4 e5 4. Nf3 exd4 5. Bxc4 Nc6 6. O-O Be6 7. Bxe6 fxe6 8.
Qb3 Qd7 9. Qxb7 Rb8 10. Qa6 Nf6 11. Nbd2 Bd6 12. a3 O-O 13. Re1 Ng4 14. h3 Nge5
15. Nxe5 Nxe5 16. Qxa7 Nd3 17. Rf1 Ra8 18. Qxd4 Bh2+ 19. Kxh2 Qxd4 20. Rb1 Nxc1
21. Nf3 Rxf3 22. gxf3 Ne2 23. Kg2 Nf4+ 24. Kg3 Qe5 25. Kh2 Qh5 26. Kg3 Qg5+ 0-1

[Event "Politiken Cup"]
[Site "Copenhagen"]
[Date "2006.07.26"]
[Round "5.71"]
[White "Frisk, Hans"]
[Black "Omarsson, Dadi"]
[Result "1-0"]
[WhiteElo "2032"]
[BlackElo "1830"]
[PlyCount "109"]
[EventDate "2006.??.??"]

1. e4 c5 2. Nf3 d6 3. d4 cxd4 4. Nxd4 Nf6 5. Nc3 g6 6. Be3 Bg7 7. f3 O-O 8. Qd2
Nc6 9. O-O-O d5 10. Qe1 e5 11. Nxc6 bxc6 12. exd5 Nxd5 13. Bc4 Be6 14. Ne4 Qc7
15. Bc5 Rfd8 16. Qh4 h6 17. g4 Rd7 18. Bf2 Rad8 19. Nc5 Rd6 20. Nxe6 Rxe6 21.
Bxa7 Bf6 22. Qf2 Bg5+ 23. Kb1 Red6 24. Bxd5 cxd5 25. h4 Bf6 26. g5 hxg5 27.
hxg5 Bxg5 28. Bc5 Rc6 29. Qh2 Kg7 30. Bb4 Bf4 31. Qh7+ Kf6 32. Qh4+ Bg5 33. Qf2
Qb6 34. Qxb6 Rxb6 35. Ba5 Rdb8 36. Bxb6 Rxb6 37. Rxd5 Kf5 38. c4 Be3 39. Re1
Bd4 40. Rxd4 exd4 41. Re4 Rd6 42. Kc2 d3+ 43. Kd2 g5 44. Re3 Kf4 45. Rxd3 Rxd3+
46. Kxd3 Kxf3 47. c5 g4 48. c6 g3 49. c7 g2 50. c8=Q g1=Q 51. Qf5+ Kg3 52. Qg5+
Kh2 53. Qxg1+ Kxg1 54. Ke4 Kf2 55. a4 1-0

[Event "Politiken Cup"]
[Site "Copenhagen"]
[Date "2006.07.26"]
[Round "5.72"]
[White "Sande, Odmund"]
[Black "Pedersen, Audun"]
[Result "1/2-1/2"]
[WhiteElo "1825"]
[BlackElo "2028"]
[PlyCount "58"]
[EventDate "2006.??.??"]

1. d4 d5 2. c4 c6 3. Nc3 Nf6 4. Nf3 e6 5. cxd5 exd5 6. Bf4 Be7 7. e3 O-O 8. h3
Bf5 9. Bd3 Bxd3 10. Qxd3 Na6 11. O-O Nc7 12. Rab1 a5 13. Ne5 Nfe8 14. Qc2 Nd6
15. Na4 Ne6 16. Bh2 f5 17. Nd3 Nc4 18. Qd1 Qe8 19. b3 Na3 20. Rc1 Nb5 21. Ndc5
Nxc5 22. Nxc5 Ra7 23. a4 Nd6 24. Be5 Ne4 25. Nd3 Qg6 26. Nf4 Qh6 27. Qh5 Qxh5
28. Nxh5 g6 29. Nf4 Kf7 1/2-1/2

[Event "Politiken Cup"]
[Site "Copenhagen"]
[Date "2006.07.26"]
[Round "5.73"]
[White "Masters, Andrew D"]
[Black "Tandrup, Michael"]
[Result "1/2-1/2"]
[WhiteElo "1764"]
[BlackElo "2028"]
[PlyCount "101"]
[EventDate "2006.??.??"]

1. d4 d5 2. c4 e6 3. Nf3 c5 4. e3 Nf6 5. Nbd2 Nc6 6. cxd5 exd5 7. Bd3 Be7 8.
O-O O-O 9. dxc5 Bxc5 10. a3 Ng4 11. Bxh7+ Kh8 12. Nb3 Bd6 13. Bc2 g6 14. h3 Nf6
15. Ng5 Kg7 16. Nd4 Qe7 17. b4 Ne5 18. e4 dxe4 19. Nxe4 Nxe4 20. Bxe4 Qh4 21.
Nf5+ Bxf5 22. Bxf5 Rad8 23. Bc2 Bxb4 24. Qe2 Bc3 25. Rb1 b6 26. Rb3 Bd4 27. Be3
Nc6 28. Rd1 Rfe8 29. Qc4 Na5 30. Bxd4+ Kg8 31. Qc3 Rc8 32. Qb2 Nxb3 33. Bxb3
Re4 34. Be3 Rce8 35. Qd2 Qe7 36. Bc2 Re6 37. Bh6 Re1+ 38. Kh2 Rxd1 39. Bxd1 Rd8
40. Qb2 f6 41. Bb3+ Kh7 42. Be3 Rd3 43. a4 Qe5+ 44. Qxe5 fxe5 45. Bc4 Ra3 46.
Bb5 a6 47. Be8 Rb3 48. Bc6 Rc3 49. Bb7 Rc4 50. Bxb6 Rxa4 51. Bc7 1/2-1/2

[Event "Politiken Cup"]
[Site "Copenhagen"]
[Date "2006.07.26"]
[Round "5.75"]
[White "Havik, Victor"]
[Black "Hansen, Jesper"]
[Result "0-1"]
[WhiteElo "1754"]
[BlackElo "2014"]
[PlyCount "115"]
[EventDate "2006.??.??"]

1. d4 d5 2. c4 c6 3. Nf3 Nf6 4. Nc3 dxc4 5. a4 Bf5 6. Ne5 Nbd7 7. Nxc4 Qc7 8.
g3 e5 9. dxe5 Nxe5 10. Bf4 Nfd7 11. Bg2 f6 12. Ne3 Be6 13. h4 Nc5 14. O-O Rd8
15. Qc2 Be7 16. Nf5 O-O 17. Nxe7+ Qxe7 18. Ne4 Nb3 19. Rae1 Nd4 20. Qc5 Qc7 21.
Qxa7 Bc4 22. Nc3 Ne6 23. Qe3 Nxf4 24. Qxf4 Qb6 25. Qc1 Bb3 26. Be4 f5 27. Bc2
Bxc2 28. Qxc2 f4 29. Ne4 fxg3 30. Nxg3 Kh8 31. Rd1 Rxd1 32. Qxd1 Qb4 33. h5 h6
34. Kg2 Ng4 35. Qd7 Nf6 36. Qf5 Qxb2 37. Qg6 Qe5 38. Rd1 Nd5 39. Qe4 Qg5 40.
Kf1 Rd8 41. Kg1 Rf8 42. Qg6 Qf4 43. Rf1 Nc3 44. a5 Qe5 45. e4 Qxa5 46. f4 Qc5+
47. Kh2 Qe7 48. e5 Qh4+ 49. Kg2 Nd5 50. f5 Ne3+ 51. Kf3 Nxf1 52. Nxf1 Qh1+ 53.
Kf2 Ra8 54. f6 Ra2+ 55. Ke3 Qh3+ 56. Ng3 Ra3+ 57. Kf4 Qh4+ 58. Kf5 0-1

[Event "Politiken Cup"]
[Site "Copenhagen"]
[Date "2006.07.26"]
[Round "5.76"]
[White "Fjellengen, Bård"]
[Black "Dawson, Jeffery R"]
[Result "0-1"]
[WhiteElo "1879"]
[BlackElo "2009"]
[PlyCount "54"]
[EventDate "2006.??.??"]

1. d4 d5 2. c4 e6 3. Nc3 dxc4 4. e3 a6 5. a4 Nf6 6. Bxc4 Be7 7. Nf3 b6 8. O-O
Bb7 9. Bd3 c5 10. e4 cxd4 11. Nxd4 Nbd7 12. Nb3 O-O 13. Bf4 Re8 14. Rc1 Nc5 15.
Nxc5 Bxc5 16. Qe2 Bd4 17. e5 Bxc3 18. exf6 Qxf6 19. Rxc3 Qxf4 20. Rc4 Qd6 21.
Rd1 Bd5 22. Rh4 g6 23. Qe3 f5 24. Bc4 Qc5 25. Qh6 Qe7 26. Rhd4 Bxc4 27. Rd7
Rad8 0-1

[Event "Politiken Cup"]
[Site "Copenhagen"]
[Date "2006.07.26"]
[Round "5.77"]
[White "Hansen, Morten Lyck"]
[Black "Holmen, Per Inge"]
[Result "1/2-1/2"]
[WhiteElo "2009"]
[BlackElo "1620"]
[PlyCount "34"]
[EventDate "2006.??.??"]

1. e4 d5 2. exd5 Qxd5 3. Nc3 Qa5 4. d4 Nf6 5. Nf3 Bg4 6. Bc4 e6 7. h3 Bh5 8.
Bd2 Bb4 9. a3 Bxc3 10. Bxc3 Qb6 11. g4 Bg6 12. Ne5 Nbd7 13. Nxg6 hxg6 14. Qf3
O-O-O 15. O-O-O g5 16. Rd3 Nf8 17. Rhd1 Ng6 1/2-1/2

[Event "Politiken Cup"]
[Site "Copenhagen"]
[Date "2006.07.26"]
[Round "5.78"]
[White "Asbjornsson, Ingvar"]
[Black "Christensen, Jim L"]
[Result "1-0"]
[WhiteElo "2007"]
[BlackElo "1672"]
[PlyCount "39"]
[EventDate "2006.??.??"]

1. c4 e5 2. Nc3 Nc6 3. g3 Nf6 4. Bg2 Be7 5. Nf3 O-O 6. O-O d6 7. d4 exd4 8.
Nxd4 Ne5 9. b3 c6 10. Bb2 Bd7 11. Qc2 Qa5 12. e4 g6 13. h3 c5 14. Nde2 Rae8 15.
Nf4 a6 16. a4 Nc6 17. Ncd5 Nxd5 18. Nxd5 Bd8 19. Bc3 Nb4 20. Qd2 1-0

[Event "Politiken Cup"]
[Site "Copenhagen"]
[Date "2006.07.26"]
[Round "5.79"]
[White "Thomassen, Joachim"]
[Black "Hansen, Johny"]
[Result "1-0"]
[WhiteElo "2006"]
[BlackElo "1494"]
[PlyCount "129"]
[EventDate "2006.??.??"]

1. e4 c5 2. Nf3 Nc6 3. d4 cxd4 4. Nxd4 g6 5. c4 Bg7 6. Be3 Nf6 7. Nc3 a6 8. Be2
d6 9. f3 Bd7 10. O-O O-O 11. Qd2 Rc8 12. Rac1 Qa5 13. Rfd1 Ne5 14. b3 Qd8 15.
a4 Bc6 16. Nc2 Qc7 17. Bf1 Rfd8 18. Qf2 Ned7 19. b4 Ng4 20. Qd2 Nxe3 21. Nxe3
Nf6 22. Kh1 Bh6 23. Rb1 e6 24. Qd4 Bg7 25. Qd3 Nh5 26. a5 Nf4 27. Qd2 d5 28.
cxd5 Bxc3 29. Qxc3 exd5 30. g3 dxe4 31. gxf4 Qxf4 32. Ng2 Qg5 33. f4 Qh5 34.
Rxd8+ Rxd8 35. Qe3 Rd1 36. Rxd1 Qxd1 37. Qe1 Qb3 38. Kg1 Qf3 39. Be2 Qh3 40.
Qg3 Qe6 41. Kf2 Qa2 42. f5 Bb5 43. Qb8+ Kg7 44. Qe5+ Kg8 45. Qb8+ Kg7 46. Qe5+
Kg8 47. Qxe4 gxf5 48. Qe5 Qd2 49. Nf4 Bxe2 50. Qe8+ Kg7 51. Qe5+ Kg8 52. Nxe2
Qxb4 53. Qxf5 Qb2 54. Qc8+ Kg7 55. Qc3+ Qxc3 56. Nxc3 Kf6 57. Ne4+ Ke5 58. Ng5
f5 59. Nxh7 Kd5 60. h4 b5 61. axb6 Kc6 62. h5 a5 63. b7 Kxb7 64. h6 a4 65. Ng5
1-0

[Event "Politiken Cup"]
[Site "Copenhagen"]
[Date "2006.07.26"]
[Round "5.80"]
[White "Bøje, Tobias R"]
[Black "Bergvoll, Mats"]
[Result "0-1"]
[WhiteElo "1469"]
[BlackElo "2003"]
[PlyCount "72"]
[EventDate "2006.??.??"]

1. e4 c5 2. Nc3 e6 3. g3 d5 4. exd5 exd5 5. d3 Nf6 6. Bg2 Be7 7. Nge2 Nc6 8.
O-O O-O 9. Bg5 Bg4 10. h3 Bf5 11. Bxf6 Bxf6 12. Nxd5 Bxb2 13. Rb1 Be5 14. f4
Bd4+ 15. Nxd4 cxd4 16. Rxb7 Bxh3 17. Bxh3 Qxd5 18. Bg2 Qc5 19. Rd7 Rac8 20.
Bxc6 Rxc6 21. Rf2 f5 22. Re2 Rg6 23. Kf2 Rh6 24. Qg1 Qc6 25. Rde7 Qa4 26. Qb1
Rb6 27. Qa1 Rc8 28. Qd1 Rb2 29. Ke1 Qxa2 30. Re8+ Rxe8 31. Rxe8+ Kf7 32. Qh5+
g6 33. Qxh7+ Kxe8 34. Qh8+ Ke7 35. Qg7+ Qf7 36. Qe5+ Qe6 0-1

[Event "Politiken Cup"]
[Site "Copenhagen"]
[Date "2006.07.26"]
[Round "5.81"]
[White "Agustsson, Hafsteinn"]
[Black "De Boer, Albert"]
[Result "1-0"]
[WhiteElo "1945"]
[BlackElo "2180"]
[PlyCount "93"]
[EventDate "2006.??.??"]

1. e4 e6 2. d4 d5 3. Nc3 Bb4 4. e5 c5 5. a3 Bxc3+ 6. bxc3 Ne7 7. a4 Nbc6 8. Nf3
Bd7 9. Qd2 Qc7 10. Ba3 b6 11. Ba6 Na5 12. Bb2 O-O 13. O-O f5 14. exf6 Rxf6 15.
Ne5 Raf8 16. Bd3 Be8 17. Bc1 Ng6 18. Ng4 R6f7 19. Qg5 c4 20. Bxg6 hxg6 21. Ba3
Rf5 22. Qe3 R8f6 23. Nxf6+ Rxf6 24. Bc1 Nc6 25. Qe2 Bf7 26. Bg5 Rf5 27. Qe3 e5
28. f4 exf4 29. Bxf4 Qd7 30. Rfe1 Rf6 31. Bg5 Re6 32. Qf3 Rxe1+ 33. Rxe1 Be6
34. Qe3 Bf5 35. Qe8+ Qxe8 36. Rxe8+ Kh7 37. Kf2 Bxc2 38. Rc8 Na5 39. Rc7 Kg8
40. Rxa7 Bxa4 41. Ra6 Bc2 42. Rxb6 Nb3 43. Kf3 Be4+ 44. Kg3 Kf7 45. Rb7+ Ke6
46. Kf2 Na5 47. Re7+ 1-0